000 00893nam a2200265Ia 4500
003 OSt
005 20221006153438.0
006 a|||||r|||| 00| 0
007 ta
008 221006b |||||||| |||| 00| 0 kor d
024 _a32,342
037 _bGift, Korean Embassy
_cTextual
040 _aEASL
_cEASL
_bkor
041 _2kor
_akor
082 _aX65.495, P5
100 _aMINISTRY OF COMMERCE, INDUSTRY AND ENERGY Au.
_9663983
245 0 _aInvest Korea, 2 Vols.
260 _aSeoul
_bMinistry of Commerce, Industry and Energy Korea
_c2005
300 _aVariou
_ccm.
490 _vVol.1, Why Korea: Ten reasons to invest in Korea KEL
500 _aVol.2 has diffirent class no. (X65y7495)
650 _aInvestment of Korea
_9663984
942 _hX65.495, P5
_cTEXL
_2CC
999 _c1100428
_d1100428